Shops and shopping 1800-1914 : (Record no. 18002)
[ view plain ]
| 000 -LEADER | |
|---|---|
| fixed length control field | 01108 am a2200301ua 4500 |
| 001 - CONTROL NUMBER | |
| control field | 007403442 |
| 005 - DATE AND TIME OF LATEST TRANSACTION | |
| control field | 20140302112033.0 |
| 008 - FIXED-LENGTH DATA ELEMENTS--GENERAL INFORMATION | |
| fixed length control field | 891025s1981 xxka grb 001 0 eng d |
| 020 ## - INTERNATIONAL STANDARD BOOK NUMBER | |
| International Standard Book Number | 0712621148 (pbk) |
| 020 ## - INTERNATIONAL STANDARD BOOK NUMBER | |
| International Standard Book Number | 9780712621144 |
| 040 ## - CATALOGING SOURCE | |
| Original cataloging agency | Uk |
| Transcribing agency | Uk |
| 043 ## - GEOGRAPHIC AREA CODE | |
| Geographic area code | e-uk--- |
| 082 04 - DEWEY DECIMAL CLASSIFICATION NUMBER | |
| Classification number | 381.456870941 |
| Edition number | 22 |
| Item number | ADB |
| 100 1# - MAIN ENTRY--PERSONAL NAME | |
| Personal name | Adburgham, Alison |
| 9 (RLIN) | 35004 |
| 245 10 - TITLE STATEMENT | |
| Title | Shops and shopping 1800-1914 : |
| Remainder of title | where, and in what manner the well-dressed Englishwoman bought her clothes / |
| Statement of responsibility, etc | Alison Adburgham. |
| 250 ## - EDITION STATEMENT | |
| Edition statement | 2nd ed. |
| 260 ## - PUBLICATION, DISTRIBUTION, ETC. (IMPRINT) | |
| Place of publication, distribution, etc | London : |
| Name of publisher, distributor, etc | Barrie & Jenkins, |
| Date of publication, distribution, etc | 1981. |
| 300 ## - PHYSICAL DESCRIPTION | |
| Extent | xxiv, 304 p. : |
| Other physical details | ill. ; |
| Dimensions | 22 cm. |
| 500 ## - GENERAL NOTE | |
| General note | Index : p. 293-304. |
| 504 ## - BIBLIOGRAPHY, ETC. NOTE | |
| Bibliography, etc | Bibliography : p. 288-291. |
| 650 #0 - SUBJECT ADDED ENTRY--TOPICAL TERM | |
| Topical term or geographic name as entry element | Clothing trade |
| Geographic subdivision | Great Britain |
| General subdivision | History |
| Chronological subdivision | 19th century |
| 9 (RLIN) | 35005 |
| 650 #0 - SUBJECT ADDED ENTRY--TOPICAL TERM | |
| Topical term or geographic name as entry element | Clothing trade |
| Geographic subdivision | Great Britain |
| General subdivision | History |
| Chronological subdivision | 20th century |
| 9 (RLIN) | 35006 |
| 650 #0 - SUBJECT ADDED ENTRY--TOPICAL TERM | |
| Topical term or geographic name as entry element | Stores, Retail |
| Geographic subdivision | Great Britain |
| General subdivision | History |
| Chronological subdivision | 19th century |
| 9 (RLIN) | 35007 |
| 650 #0 - SUBJECT ADDED ENTRY--TOPICAL TERM | |
| Topical term or geographic name as entry element | Stores, Retail |
| Geographic subdivision | Great Britain |
| General subdivision | History |
| Chronological subdivision | 20th century |
| 9 (RLIN) | 35008 |
| 653 ## - INDEX TERM--UNCONTROLLED | |
| Resource For college | Generalities |
| Arrived date list | February2014 |
| 655 ## - INDEX TERM--GENRE/FORM | |
| Form subdivision | |
| -- | 34232 |
| 942 ## - ADDED ENTRY ELEMENTS (KOHA) | |
| Source of classification or shelving scheme | Dewey Decimal Classification |
| Call number prefix | 381.456870941 ADB |
| Withdrawn status | Item status | Source of classification or shelving scheme | Damaged status | Not for loan | Vendor | Home library | Current library | Shelving location | Date acquired | Source of acquisition | Total Checkouts | Full call number | Barcode | Date last seen | Koha item type |
|---|---|---|---|---|---|---|---|---|---|---|---|---|---|---|---|
| Dewey Decimal Classification | Donation-Gift | Central Library | Central Library | First floor | 02/02/2014 | Donation | 381.456870941 ADB | 000035556 | 15/07/2025 | Book - Borrowing |